000 00655nam a2200229Ia 4500
003 OSt
005 20220925201145.0
006 a|||||r|||| 00| 0
007 ta
008 220923b |||||||| |||| 00| 0 eng d
037 _cGeneral Book
040 _aRTL
_cRTL
_beng
041 _2eng
_aeng
082 _aY9(W).2.N9, P0
100 _aChakraverti Sauvik
_9259716
245 0 _aAntidote
_b Essays against the socialist Indian state
260 _aDelhi
_bMacmillan
_c2000
300 _alx, 184p
_ccm.
650 _aPolitical Sociology
942 _hY9(W).2.N9, P0
_cGB
_2CC
999 _c539173
_d539173